000 00644nam a2200217Ii 4500
003 JO-AjNU
008 230605s9999||||xx |||||||||||||| ||und||
017 _a1997/8/1150
040 _aJO-AjNU
_bara
_erda
_cJO-AjNU
041 _aara
050 1 4 _aLB1051.A28 2011
100 3 _aأبوجادو،صالح محمد,
_eauthor
_927921
245 0 0 _aعلم النفس التربوي
250 _aط8
264 3 1 _aعمان:دار المسيرة،2011
300 _a447ص
336 _atext
_btxt
_2rdacontent
337 _aunmediated
_bn
_2rdamedia
338 _avolume
_bnc
_2rdacarrier
650 4 _aعلم النفس التربوي.
_927922
999 _aA10767
_c14335
_d14335